Be stars and the IMF of young clusters
Saved in:
| Main Authors: | , , |
|---|---|
| Format: | Chapter/Article Conference Paper |
| Language: | English |
| Published: |
1997
|
| In: |
Hipparcos and the nearby stars
Year: 1997, Pages: 194 |
| Subjects: | |
| Online Access: |
|
| Author Notes: | E. K. Grebel; W. Brandner; A. Dieball |
MARC
| LEADER | 00000caa a22000002c 4500 | ||
|---|---|---|---|
| 001 | 1490150331 | ||
| 003 | DE-627 | ||
| 005 | 20220811153857.0 | ||
| 007 | tu | ||
| 008 | 141127s1997 xx ||||| 00| ||eng c | ||
| 035 | |a (DE-627)1490150331 | ||
| 035 | |a (DE-576)420150331 | ||
| 035 | |a (DE-599)BSZ420150331 | ||
| 035 | |a (OCoLC)1340655270 | ||
| 040 | |a DE-627 |b ger |c DE-627 |e rakwb | ||
| 041 | |a eng | ||
| 084 | |a 29 |2 sdnb | ||
| 100 | 1 | |a Grebel, Eva K. |d 1966- |0 (DE-588)1020239085 |0 (DE-627)691153221 |0 (DE-576)359782833 |4 aut | |
| 245 | 1 | 0 | |a Be stars and the IMF of young clusters |c E. K. Grebel; W. Brandner; A. Dieball |
| 264 | 1 | |c 1997 | |
| 300 | |a ? | ||
| 336 | |a Text |b txt |2 rdacontent | ||
| 337 | |a ohne Hilfsmittel zu benutzen |b n |2 rdamedia | ||
| 338 | |a Band |b nc |2 rdacarrier | ||
| 655 | 7 | |a Konferenzschrift |0 (DE-588)1071861417 |0 (DE-627)826484824 |0 (DE-576)433375485 |2 gnd-content | |
| 700 | 1 | |a Brandner, Wolfgang |4 aut | |
| 700 | 1 | |a Dieball, Andrea |d 1969- |0 (DE-588)124151280 |0 (DE-627)706555139 |0 (DE-576)188002588 |4 aut | |
| 773 | 0 | 8 | |i In |a Jahreiß, Hartmut |t Hipparcos and the nearby stars |d Hamburg, 1997 |g (1997), Seite 194 |h 43 S. |w (DE-627)1465147063 |w (DE-576)395147069 |7 nnam |
| 773 | 1 | 8 | |g year:1997 |g pages:194 |g extent:? |a Be stars and the IMF of young clusters |
| 951 | |a AR | ||
| 992 | |a 20141127 | ||
| 993 | |a ConferencePaper | ||
| 994 | |a 1997 | ||
| 998 | |g 1020239085 |a Grebel, Eva K. |m 1020239085:Grebel, Eva K. |d 910000 |d 950000 |d 950950 |e 910000PG1020239085 |e 950000PG1020239085 |e 950950PG1020239085 |k 0/910000/ |k 1/910000/950000/ |k 2/910000/950000/950950/ |p 1 |x j | ||
| 999 | |a KXP-PPN1490150331 |e 2823405267 | ||
| BIB | |a Y | ||
| JSO | |a {"person":[{"role":"aut","family":"Grebel","display":"Grebel, Eva K.","given":"Eva K."},{"role":"aut","given":"Wolfgang","family":"Brandner","display":"Brandner, Wolfgang"},{"role":"aut","display":"Dieball, Andrea","family":"Dieball","given":"Andrea"}],"physDesc":[{"extent":"? S."}],"id":{"eki":["1490150331"]},"title":[{"title_sort":"Be stars and the IMF of young clusters","title":"Be stars and the IMF of young clusters"}],"type":{"bibl":"chapter"},"recId":"1490150331","relHost":[{"disp":"Jahreiß, HartmutHipparcos and the nearby stars","language":["eng"],"origin":[{"publisherPlace":"Hamburg","dateIssuedDisp":"1997","dateIssuedKey":"1997"}],"name":{"displayForm":["H. Jahreiß; R. Wielen"]},"recId":"1465147063","type":{"bibl":"book"},"id":{"eki":["1465147063"]},"physDesc":[{"extent":"43 S."}],"person":[{"role":"aut","given":"Hartmut","family":"Jahreiß","display":"Jahreiß, Hartmut"},{"display":"Wielen, Roland","family":"Wielen","given":"Roland","role":"aut"}],"part":{"year":"1997","pages":"194","text":"(1997), Seite 194","extent":"?"},"relMultPart":[{"recId":"170167194","part":{"number_sort":["13"],"number":["13"]},"dispAlt":"Astronomische Gesellschaft <Deutschland>: Abstract series","corporate":[{"display":"Astronomische Gesellschaft","role":"aut"}],"id":{"zdb":["1019727-8"],"issn":["0934-4438"],"eki":["170167194"]},"title":[{"title":"Abstract series / Astronomische Gesellschaft","title_sort":"Abstract series / Astronomische Gesellschaft"}],"type":{"bibl":"serial"},"language":["ger"],"origin":[{"publisherPlace":"Hamburg","dateIssuedDisp":"1988-2001","dateIssuedKey":"1988","publisher":"Ges."}],"disp":"Abstract series / Astronomische Gesellschaft","pubHistory":["1.1988 - 18.2001"]}],"title":[{"title":"Hipparcos and the nearby stars","title_sort":"Hipparcos and the nearby stars"}]}],"name":{"displayForm":["E. K. Grebel; W. Brandner; A. Dieball"]},"origin":[{"dateIssuedDisp":"1997","dateIssuedKey":"1997"}],"language":["eng"]} | ||
| SRT | |a GREBELEVAKBESTARSAND1997 | ||